000 00522nam a2200181Ia 4500
005 20250508153827.0
008 008 250505s9999 xx 000 0 eng d
037 _aTextual
040 _aFEDL
_beng
_cFEDL
041 _aeng
_2eng
084 _a371.92, ING
_qFEDL
100 _aIngram Christine P
_9758688
245 0 _aEducation of the slow-learning child
260 _aLondon, UK
_bGeorge G Harrap and Co Ltd.
_c1936
300 _axii,419p.
942 _cTEXL
_h371.92, ING
999 _c1345788
_d1345788